书目信息 |
| 题名: |
理论力学
|
|
| 作者: | 郝桐生 编 | |
| 分册: | ||
| 出版信息: | 北京 人民教育出版社 1965 |
|
| 页数: | 323页 | |
| 开本: | 20cm | |
| 丛书名: | ||
| 单 册: | ||
| 中图分类: | O31 | |
| 科图分类: | ||
| 主题词: | 理论力学 , 一般力学 | |
| 电子资源: | ||
| ISBN: | ||
| 000 | 00541nam0 2200217 45 | |
| 001 | 0405181529 | |
| 005 | 20060815083155.48 | |
| 010 | @dCNY0.80 | |
| 091 | @a15012.0043 | |
| 100 | @a20040518d1965 km y0chiy0120 ea | |
| 101 | 0 | @achi |
| 200 | 1 | @a理论力学@ALi Lun Li Xue@f郝桐生编@FHao Tong Sheng Bian |
| 210 | @a北京@c人民教育出版社@d1965 | |
| 215 | @a323页@d20cm | |
| 300 | @a高等学校教学参考书 | |
| 606 | 0 | @a理论力学 |
| 606 | 0 | @a一般力学 |
| 690 | @aO31@v3 | |
| 701 | 0 | @a郝桐生@4编 |
| 801 | @aCN@bPftUser@c20060815 | |
| 905 | @dO31@e1 | |
| 理论力学/郝桐生编.-北京:人民教育出版社,1965 |
| 323页;20cm |
| 高等学校教学参考书 |
| ISBN :CNY0.80 |
| ● |
| 相关链接 |
|
|
|
|
正题名:理论力学
索取号:O31/1
 
预约/预借
| 序号 | 登录号 | 条形码 | 馆藏地/架位号 | 状态 | 备注 |
| 1 | 0063668 | 001447321 | 第三借阅区/ [索取号:O31/1] | 在馆 | |
| 2 | 0063669 | 202359483 | 密集书库/ [索取号:O31/1] | 在馆 | |
| 3 | 0063670 | 202359492 | 密集书库/ [索取号:O31/1] | 在馆 | |
| 4 | 0063671 | 202359535 | 密集书库/ [索取号:O31/1] | 在馆 | |
| 5 | 0063672 | 202359526 | 密集书库/ [索取号:O31/1] | 在馆 | |
| 6 | 0109666 | 202261097 | 密集书库/ [索取号:O31/1] | 在馆 | |
| 7 | 0109667 | 202359562 | 密集书库/ [索取号:O31/1] | 在馆 | |
| 8 | 0109668 | 001447312 | 第二样本阅览室/ [索取号:O31/1] | 在馆 | |
| 9 | 0158101 | 001447287 | 第三借阅区/ [索取号:O31/1] | 在馆 | |
| 10 | 0158102 | 001447358 | 第三借阅区/ [索取号:O31/1] | 在馆 | |
| 11 | 0158103 | 001447367 | 第三借阅区/ [索取号:O31/1] | 在馆 | |
| 12 | 0461401 | 204614015 | 密集书库/ [索取号:O31/1] | 在馆 | |
| 13 | 0461402 | 204614024 | 密集书库/ [索取号:O31/1] | 在馆 |